00539nmm a2200169Ia 4500008004100000020001500041041000800056100003600064245007100100264005100171300001800222490002300240650003200263856005000295942000700345999001700352251105s9999||||xx |||||||||||||||||und|| a849742350X aspa aLópez de la Vieja, Mª Teresa 0aCiudadanos de Europa. Derechos fundamentales en la Unión Europea a[Madrid, España] :bBiblioteca Nueva, c2005 a208 páginas aEnsayo Pensamiento aPolitical Science (General) uhttps://public.digitaliapublishing.com/a/5555 cCF c74150d74150